Представление документа в формате RUSMARC

ПолеНазваниеЗначение
  Тип записи a
  Библиографический уровень m
001 Контрольный номер RU/CBS_UL/BASE/2913048785b0474fa60a8827a8aaef7c
005 Дата корректировки 20260206151927.0
010 Индекс ISBN __
a ISBN
b Уточнения в пер.
d Цена 50 р. 00 к.
9 Тираж экз.
100 Данные общей обработки __
a Данные общей обработки 20260206d 0rusy0189## ca
101 Язык документа 0_
a Язык текста rus
102 Страна публикации __
a Страна публикации RU
200 Заглавие и сведения об ответственности 1_
a Заглавие Адольф Гитлер-преступник №1
f Первые сведения об ответственности Д. Е. Мельников, Л. Б. Черная
210 Выходные данные 1_
a Место издания Москва
c Издательство Яуза
c Издательство ЭКСМО
d Дата издания 2004
215 Физическое описание __
a Объем 543 с.
d Формат см.
225 Серия 2_
a Серия Тайны III Рейха
300 Общие примечания __
a Общие примечания 16+
606 Тематические рубрики 0_
a Основная рубрика Гитлер, Адольф (1889-1945)
610 Ключевые слова 0_
a Ключевые слова история Германии; биографии; нацизм; террор; фюрер; преступления нацистов; Гитлер
686 Индексы других классификаций __
2 Код системы rubbk
a Классификационный индекс 63.3(4Гем)
700 Автор _1
a Фамилия Мельников
b Имя (инициалы) Д. Е.
g Полное личное имя Даниил Ефимович
701 Альтернативная интеллектуальная ответственность _1
a Фамилия Черная
b Имя (инициалы) Л. Б.
801 Источник записи _0
a Страна RU
b Организация МБУК ЦБС г. Ульяновска
c Дата составления 20260206
g Правила каталогизации RCR
801 Источник записи _1
a Страна RU
b Организация МБУК ЦБС г. Ульяновска
c Дата составления 20260206
g Правила каталогизации RCR
852 Данные о местонахождении __
i Авторский знак М 48
j Шифр хранения 63.3(4)
901 Тип документа __
t Тип документа m
909 Создатель записи __
a Создатель записи obr1
b Дата создания записи 20260206